Normal view MARC view
  • JINNAH PAPERS VOLUME-7

Entry Topical Term

Number of records used in: 1

001 - CONTROL NUMBER

  • control field: 59324

003 - CONTROL NUMBER IDENTIFIER

  • control field: NUST

005 - DATE AND TIME OF LATEST TRANSACTION

  • control field: 20210628202322.0

008 - FIXED-LENGTH DATA ELEMENTS

  • fixed length control field: 210628|| aca||aabn | a|a d

040 ## - CATALOGING SOURCE

  • Original cataloging agency: NUST
  • Transcribing agency: NUST

150 ## - HEADING--TOPICAL TERM

  • Topical term or geographic name entry element: JINNAH PAPERS VOLUME-7

670 ## - SOURCE DATA FOUND

  • Source citation: Work cat.: (NUST): Zaidi , Z . H 17058, Jinnah papers. Vol-7 ,pakistan struggling for survival 1 january-30 september 1948, 2002
© 2023 Central Library, National University of Sciences and Technology. All Rights Reserved.